<?xml version="1.0" encoding="UTF-8"?>
<record
    xmlns:xsi="http://www.w3.org/2001/XMLSchema-instance"
    xsi:schemaLocation="http://www.loc.gov/MARC21/slim http://www.loc.gov/standards/marcxml/schema/MARC21slim.xsd"
    xmlns="http://www.loc.gov/MARC21/slim">

  <leader>03215cam a2200325 a 4500</leader>
  <datafield tag="999" ind1=" " ind2=" ">
    <subfield code="c">30926</subfield>
    <subfield code="d">30926</subfield>
  </datafield>
  <controlfield tag="001">15640221</controlfield>
  <controlfield tag="005">20210128090910.0</controlfield>
  <controlfield tag="008">090226s2010    caua     bf   001 0 eng  </controlfield>
  <datafield tag="010" ind1=" " ind2=" ">
    <subfield code="a">  2009008632</subfield>
  </datafield>
  <datafield tag="020" ind1=" " ind2=" ">
    <subfield code="a">9781412961035 (pbk. : acidfree paper)</subfield>
  </datafield>
  <datafield tag="020" ind1=" " ind2=" ">
    <subfield code="a">1412961033 (pbk. : acidfree paper)</subfield>
  </datafield>
  <datafield tag="035" ind1=" " ind2=" ">
    <subfield code="a">(OCoLC)ocn311263094</subfield>
  </datafield>
  <datafield tag="040" ind1=" " ind2=" ">
    <subfield code="a">DLC</subfield>
    <subfield code="c">DLC</subfield>
    <subfield code="d">YDX</subfield>
    <subfield code="d">YDXCP</subfield>
    <subfield code="d">CDX</subfield>
    <subfield code="d">DLC</subfield>
  </datafield>
  <datafield tag="050" ind1="0" ind2="0">
    <subfield code="a">LB2395.7</subfield>
    <subfield code="b">.H23 2010</subfield>
  </datafield>
  <datafield tag="082" ind1="0" ind2="0">
    <subfield code="a">378.1/7344678</subfield>
    <subfield code="2">22</subfield>
  </datafield>
  <datafield tag="245" ind1="0" ind2="0">
    <subfield code="a">Handbook of online learning /</subfield>
    <subfield code="c">editors, Kjell Erik Rudestam, Judith Schoenholtz-Read.</subfield>
  </datafield>
  <datafield tag="250" ind1=" " ind2=" ">
    <subfield code="a">2nd ed.</subfield>
  </datafield>
  <datafield tag="260" ind1=" " ind2=" ">
    <subfield code="a">Thousand Oaks, Calif. :</subfield>
    <subfield code="b">SAGE Publications,</subfield>
    <subfield code="c">2010.</subfield>
  </datafield>
  <datafield tag="300" ind1=" " ind2=" ">
    <subfield code="a">xvii, 501 p. :</subfield>
    <subfield code="b">ill. ;</subfield>
    <subfield code="c">26 cm.</subfield>
  </datafield>
  <datafield tag="504" ind1=" " ind2=" ">
    <subfield code="a">Includes bibliographical references and index.</subfield>
  </datafield>
  <datafield tag="505" ind1="0" ind2=" ">
    <subfield code="a">The flourishing of adult online education : an overview / Kjell Rudestam and Judith Schoenholtz-Read -- Presence in teleland / Gary Fontaine and Grace Chun -- The challenges of culture and community in online academic environments / Jeremy J. Shapiro and Shelley K. Hughes -- Evolving technologies / Robin Mason and Frank Rennie -- Applying social systems thinking and community informatics thinking in education : building efficient online learning design culture in universities / Pierre-L&#xE9;onard Harvey -- Media psychology controls the mouse that roars / Bernard Luskin and James Hirsen -- Globalization in online learning / Janet Poley -- Online learning research / Yolanda Gazol -- Uncertain frontiers : exploring ethical dimensions of online learning / Dottie Agga-Gupta -- Revisiting the design and delivery of an interactive online graduate program / Judy Stevens-Long and Charles Crowell -- Candlepower : the intimate flow of online collaborative learning / Barclay Hudson -- Designing and developing web-based intelligent tutoring systems : a step-by step approach with practical applications / Kay Wijekumar -- Synthesizing higher education and corporate learning strategies / Bruce LaRue and Stephanie Galindo -- Teaching action research at a distance / Jenny Edwards and Sue Marquis Gordon -- Beyond the looking glass : what faculty and students need to be successful online / Rena M. Palloff and Keith Pratt -- Teaching professionals to be effective online facilitators and instructors : lessons from hard-won experience / Leni Wildflower -- Leadership and management of online learning environments in universities / Anna DiStefano and Judy Witt -- Accrediting online institutions and programs : quality assurance or bureaucratic hurdle? / Ralph Wolff -- Virtual libraries in online learning / Stefan Kramer.</subfield>
  </datafield>
  <datafield tag="650" ind1=" " ind2="0">
    <subfield code="a">Education, Higher</subfield>
    <subfield code="x">Computer-assisted instruction</subfield>
    <subfield code="v">Handbooks, manuals, etc.</subfield>
  </datafield>
  <datafield tag="650" ind1=" " ind2="0">
    <subfield code="a">Internet in education</subfield>
    <subfield code="v">Handbooks, manuals, etc.</subfield>
  </datafield>
  <datafield tag="650" ind1=" " ind2="0">
    <subfield code="a">Employees</subfield>
    <subfield code="x">Training of</subfield>
    <subfield code="x">Computer-assisted instruction</subfield>
    <subfield code="v">Handbooks, manuals, etc.</subfield>
  </datafield>
  <datafield tag="700" ind1="1" ind2=" ">
    <subfield code="a">Rudestam, Kjell Erik.</subfield>
  </datafield>
  <datafield tag="700" ind1="1" ind2=" ">
    <subfield code="a">Schoenholtz-Read, Judith.</subfield>
  </datafield>
  <datafield tag="906" ind1=" " ind2=" ">
    <subfield code="a">7</subfield>
    <subfield code="b">cbc</subfield>
    <subfield code="c">orignew</subfield>
    <subfield code="d">1</subfield>
    <subfield code="e">ecip</subfield>
    <subfield code="f">20</subfield>
    <subfield code="g">y-gencatlg</subfield>
  </datafield>
  <datafield tag="942" ind1=" " ind2=" ">
    <subfield code="2">lcc</subfield>
    <subfield code="c">BOOKS</subfield>
    <subfield code="h">LB1028.5.V53 202O</subfield>
  </datafield>
  <datafield tag="952" ind1=" " ind2=" ">
    <subfield code="0">0</subfield>
    <subfield code="1">0</subfield>
    <subfield code="2">lcc</subfield>
    <subfield code="4">0</subfield>
    <subfield code="7">0</subfield>
    <subfield code="a">MUC</subfield>
    <subfield code="b">MUC</subfield>
    <subfield code="c">GEN</subfield>
    <subfield code="d">2021-01-28</subfield>
    <subfield code="e">Donation - Rattansi Educational Trust</subfield>
    <subfield code="l">0</subfield>
    <subfield code="o">LB 2395.7 .H23 2009</subfield>
    <subfield code="p">23482</subfield>
    <subfield code="r">2021-02-16</subfield>
    <subfield code="v">8381.00</subfield>
    <subfield code="w">2021-01-28</subfield>
    <subfield code="y">BOOKS</subfield>
  </datafield>
</record>
